| 000 | 01004nam a2200277 a 4500 | ||
|---|---|---|---|
| 005 | 20200104041514.0 | ||
| 008 | 140221b1998 ck ||||| |||| 00| 0 spa d | ||
| 040 |
_aCO-BoIAVH _cCO-BoIAVH |
||
| 041 | _aspa | ||
| 044 | _ack | ||
| 090 |
_aLB _b00718 |
||
| 110 |
_bFundación Natura Colombia _92985 |
||
| 245 | _aProyecto plan de manejo y conservación de la tortuga charapa Podocnemis expansa, en el medio y bajo río Caquetá, Amazonas, Colombia | ||
| 260 |
_aBogotá _bFundación Natura _bUAESPNN _c1998 |
||
| 300 | _a3 vol. | ||
| 505 | _aVol. 1: Biología de la conservación | ||
| 505 | _aVol. 2: Trabajo social y comunitario | ||
| 650 |
_aManejo de recursos _93533 |
||
| 650 |
_aConservación de biodiversidad _9345 |
||
| 650 |
_aGuías para elaboración de proyectos _98941 |
||
| 650 |
_aMétodos de campo _93855 |
||
| 650 |
_aEcología de poblaciones _93557 |
||
| 650 |
_aPlanes de manejo ambiental _942853 |
||
| 710 |
_a^aColombia. Ministerio del Medio Ambiente _94191 |
||
| 942 |
_cINFORME _2z |
||
| 999 |
_c733 _d733 |
||